[Event "European Youth Chess Championship B14"]
[Site "Prague, Top Hotel Prague"]
[Date "2012.08.24"]
[Round "8.1"]
[White "Duda, Jan-Krzysztof"]
[Black "Kozionov, Kirill"]
[Result "1/2-1/2"]
[WhiteElo "2411"]
[BlackElo "2257"]
[PlyCount "0"]
[EventDate "2012.08.17"]

1. e4 {[%clk 1:30:59]} e5 {[%clk 1:30:45]} 2. Nf3 {[%clk 1:31:26]} Nc6
{[%clk 1:31:08]} 3. Bb5 {[%clk 1:31:52]} a6 {[%clk 1:31:19]} 4. Ba4
{[%clk 1:32:19]} Nf6 {[%clk 1:31:36]} 5. O-O {[%clk 1:32:45]} Be7
{[%clk 1:31:52]} 6. Re1 {[%clk 1:33:05]} b5 {[%clk 1:32:15]} 7. Bb3
{[%clk 1:33:32]} d6 {[%clk 1:32:32]} 8. c3 {[%clk 1:33:58]} O-O {[%clk 1:32:44]}
9. h3 {[%clk 1:34:25]} Na5 {[%clk 1:29:19]} 10. Bc2 {[%clk 1:34:50]} c5
{[%clk 1:29:45]} 11. d4 {[%clk 1:35:16]} Qc7 {[%clk 1:28:24]} 12. Nbd2
{[%clk 1:35:34]} Rd8 {[%clk 1:26:59]} 13. b3 {[%clk 1:34:11]} cxd4
{[%clk 1:26:37]} 14. cxd4 {[%clk 1:34:25]} Nc6 {[%clk 1:27:03]} 15. Bb2
{[%clk 1:34:21]} Bb7 {[%clk 1:27:07]} 16. Rc1 {[%clk 1:34:29]} Qb6
{[%clk 1:26:13]} 17. Nf1 {[%clk 1:33:01]} d5 {[%clk 1:25:00]} 18. exd5
{[%clk 1:33:23]} Rxd5 {[%clk 1:25:05]} 19. Ne3 {[%clk 1:33:45]} Rd7
{[%clk 1:24:05]} 20. Nf5 {[%clk 1:34:05]} Bf8 {[%clk 1:22:39]} 21. Qd2
{[%clk 1:26:37]} Nxd4 {[%clk 1:20:41]} 22. N3xd4 {[%clk 1:23:43]} Re8
{[%clk 1:20:54]} 23. Qg5 {[%clk 1:03:36]} exd4 {[%clk 1:20:24]} 24. Bxd4
{[%clk 0:56:56]} Rxe1+ {[%clk 1:12:06]} 25. Rxe1 {[%clk 0:57:17]} Rxd4
{[%clk 1:12:34]} 26. Nh6+ {[%clk 0:55:58]} Kh8 {[%clk 1:12:59]} 27. Nxf7+
{[%clk 0:56:19]} Kg8 {[%clk 1:13:28]} 28. Nh6+ {[%clk 0:55:32]} Kh8
{[%clk 1:13:57]} 29. Nf7+ {[%clk 0:55:34]} Kg8 {[%clk 1:14:26]} 30. Nh6+
{[%clk 0:55:58]} Kh8 {[%clk 1:14:45]} 31. Nf7+ {[%clk 0:56:25]} Kg8
{[%clk 1:14:19]} 32. Nh6+ {[%clk 0:56:51]} 1/2-1/2

[Event "European Youth Chess Championship B14"]
[Site "Prague, Top Hotel Prague"]
[Date "2012.08.24"]
[Round "8.2"]
[White "Sibashvili, Giorgi"]
[Black "Sanal, Vahap"]
[Result "1-0"]
[WhiteElo "2073"]
[BlackElo "2387"]
[PlyCount "0"]
[EventDate "2012.08.17"]

1. d4 {[%clk 1:30:55]} Nf6 {[%clk 1:30:30]} 2. c4 {[%clk 1:31:24]} e6
{[%clk 1:30:33]} 3. Nc3 {[%clk 1:31:48]} Bb4 {[%clk 1:30:41]} 4. e3
{[%clk 1:32:06]} c5 {[%clk 1:30:22]} 5. Bd3 {[%clk 1:31:39]} Nc6 {[%clk 1:30:05]}
6. Nge2 {[%clk 1:31:22]} cxd4 {[%clk 1:30:03]} 7. exd4 {[%clk 1:31:50]} d5
{[%clk 1:30:02]} 8. cxd5 {[%clk 1:30:39]} exd5 {[%clk 1:29:30]} 9. O-O
{[%clk 1:30:45]} O-O {[%clk 1:24:04]} 10. Bg5 {[%clk 1:29:43]} Be7
{[%clk 1:24:17]} 11. Rc1 {[%clk 1:16:41]} Re8 {[%clk 1:18:51]} 12. Re1
{[%clk 1:07:24]} h6 {[%clk 1:08:05]} 13. Bh4 {[%clk 1:07:03]} Bd6
{[%clk 0:59:35]} 14. Bxf6 {[%clk 0:43:14]} Qxf6 {[%clk 0:59:36]} 15. Nxd5
{[%clk 0:41:31]} Qg5 {[%clk 0:54:37]} 16. Ne3 {[%clk 0:39:26]} Rxe3
{[%clk 0:40:50]} 17. fxe3 {[%clk 0:37:08]} Qxe3+ {[%clk 0:37:59]} 18. Kh1
{[%clk 0:37:21]} Bg4 {[%clk 0:37:49]} 19. Qb3 {[%clk 0:16:18]} Qe7
{[%clk 0:22:14]} 20. Ng3 {[%clk 0:08:49]} Qh4 {[%clk 0:12:43]} 21. Qxb7
{[%clk 0:07:55]} Rf8 {[%clk 0:12:47]} 22. Nf1 {[%clk 0:07:17]} Nxd4
{[%clk 0:12:12]} 23. Qe4 {[%clk 0:04:14]} Nf5 {[%clk 0:12:28]} 24. Rc4
{[%clk 0:03:11]} g6 {[%clk 0:09:45]} 25. Kg1 {[%clk 0:01:39]} h5 {[%clk 0:03:56]}
26. h3 {[%clk 0:02:09]} Rd8 {[%clk 0:03:27]} 27. hxg4 {[%clk 0:01:13]} Ng3
{[%clk 0:02:55]} 28. Nxg3 {[%clk 0:00:59]} Bxg3 {[%clk 0:03:13]} 29. Rec1
{[%clk 0:00:45]} Rd6 {[%clk 0:02:07]} 30. Rc6 {[%clk 0:00:58]} Bf2+
{[%clk 0:01:14]} 31. Kf1 {[%clk 0:01:27]} Bd4 {[%clk 0:01:34]} 32. Qf4
{[%clk 0:00:59]} Qh1+ {[%clk 0:01:42]} 33. Ke2 {[%clk 0:01:28]} Qxg2+
{[%clk 0:02:06]} 34. Kd1 {[%clk 0:01:30]} Qg1+ {[%clk 0:00:35]} 35. Qf1
{[%clk 0:01:14]} Qxg4+ {[%clk 0:01:00]} 36. Be2 {[%clk 0:01:26]} Qg3
{[%clk 0:00:34]} 37. Rxd6 {[%clk 0:01:39]} Qxd6 {[%clk 0:01:02]} 38. Bd3
{[%clk 0:01:48]} Bxb2 {[%clk 0:01:13]} 39. Rc8+ {[%clk 0:01:38]} Kg7
{[%clk 0:01:34]} 40. Qe2 {[%clk 0:31:34]} Bf6 {[%clk 0:31:13]} 41. Qe4
{[%clk 0:20:32]} Qh2 {[%clk 0:28:28]} 42. Qc4 {[%clk 0:16:08]} Bg5
{[%clk 0:21:14]} 43. Be2 {[%clk 0:14:59]} Qd6+ {[%clk 0:16:05]} 44. Kc2
{[%clk 0:14:06]} Bf4 {[%clk 0:09:37]} 45. Bd3 {[%clk 0:12:55]} Be5
{[%clk 0:07:22]} 46. Qc5 {[%clk 0:11:49]} Qe6 {[%clk 0:07:27]} 47. Bc4
{[%clk 0:08:06]} Qf5+ {[%clk 0:06:54]} 48. Kb3 {[%clk 0:08:35]} Qh3+
{[%clk 0:06:51]} 49. Ka4 {[%clk 0:07:22]} Qd7+ {[%clk 0:07:09]} 50. Ka5
{[%clk 0:07:07]} Bd4 {[%clk 0:05:45]} 51. Qf8+ {[%clk 0:04:55]} Kf6
{[%clk 0:06:12]} 52. Ka6 {[%clk 0:05:02]} Bb6 {[%clk 0:05:09]} 53. Bb5
{[%clk 0:04:46]} Qd5 {[%clk 0:04:38]} 54. a4 {[%clk 0:03:51]} h4 {[%clk 0:04:34]}
55. a5 {[%clk 0:03:29]} Bf2 {[%clk 0:04:11]} 56. Rc7 {[%clk 0:02:27]} Be1
{[%clk 0:03:31]} 57. Qe7+ {[%clk 0:02:05]} 1-0

[Event "European Youth Chess Championship B14"]
[Site "Prague, Top Hotel Prague"]
[Date "2012.08.24"]
[Round "8.4"]
[White "Korpa, Bence"]
[Black "Snihur, Piotr"]
[Result "1-0"]
[WhiteElo "2317"]
[BlackElo "2038"]
[PlyCount "0"]
[EventDate "2012.08.17"]

1. e4 {[%clk 1:30:58]} c5 {[%clk 1:30:51]} 2. Nf3 {[%clk 1:31:19]} d6
{[%clk 1:30:46]} 3. d4 {[%clk 1:31:40]} cxd4 {[%clk 1:31:08]} 4. Nxd4
{[%clk 1:32:02]} Nf6 {[%clk 1:31:26]} 5. Nc3 {[%clk 1:32:25]} a6 {[%clk 1:31:50]}
6. Qe2 {[%clk 1:32:35]} e6 {[%clk 1:25:12]} 7. g4 {[%clk 1:32:33]} b5
{[%clk 1:18:13]} 8. Bg2 {[%clk 1:21:16]} Bb7 {[%clk 1:16:02]} 9. O-O
{[%clk 1:18:55]} Qc7 {[%clk 1:10:19]} 10. Re1 {[%clk 1:08:03]} Be7
{[%clk 0:50:18]} 11. a4 {[%clk 0:49:21]} b4 {[%clk 0:40:58]} 12. Nd5
{[%clk 0:48:47]} Nxd5 {[%clk 0:15:34]} 13. exd5 {[%clk 0:49:08]} e5
{[%clk 0:15:54]} 14. Nf5 {[%clk 0:45:32]} O-O {[%clk 0:16:08]} 15. a5
{[%clk 0:44:22]} Bd8 {[%clk 0:13:22]} 16. Ne3 {[%clk 0:38:16]} Nd7
{[%clk 0:10:34]} 17. Bd2 {[%clk 0:35:18]} Qc5 {[%clk 0:08:25]} 18. Qc4
{[%clk 0:35:12]} Rc8 {[%clk 0:08:32]} 19. Qxb4 {[%clk 0:35:05]} Qxb4
{[%clk 0:08:01]} 20. Bxb4 {[%clk 0:35:28]} Nc5 {[%clk 0:07:55]} 21. Nf5
{[%clk 0:34:50]} Ba8 {[%clk 0:02:19]} 22. Nxd6 {[%clk 0:33:55]} Rc7
{[%clk 0:02:44]} 23. Ne4 {[%clk 0:33:18]} 1-0

[Event "European Youth Chess Championship B14"]
[Site "Prague, Top Hotel Prague"]
[Date "2012.08.24"]
[Round "8.5"]
[White "Petrosyan, Manuel"]
[Black "Gajek, Radoslaw"]
[Result "1-0"]
[WhiteElo "2286"]
[BlackElo "2200"]
[PlyCount "0"]
[EventDate "2012.08.17"]

1. d4 {[%clk 1:30:48]} Nf6 {[%clk 1:30:56]} 2. c4 {[%clk 1:30:48]} e6
{[%clk 1:31:21]} 3. Nf3 {[%clk 1:31:12]} b6 {[%clk 1:31:47]} 4. g3
{[%clk 1:31:27]} Ba6 {[%clk 1:32:16]} 5. b3 {[%clk 1:31:38]} b5 {[%clk 1:32:35]}
6. cxb5 {[%clk 1:24:30]} Bxb5 {[%clk 1:32:59]} 7. Bg2 {[%clk 1:23:45]} d5
{[%clk 1:33:20]} 8. Nc3 {[%clk 1:23:05]} Ba6 {[%clk 1:33:34]} 9. O-O
{[%clk 1:22:53]} Nbd7 {[%clk 1:33:36]} 10. Bg5 {[%clk 1:17:24]} Bd6
{[%clk 1:33:41]} 11. Na4 {[%clk 1:13:53]} O-O {[%clk 1:33:06]} 12. Rc1
{[%clk 1:13:11]} h6 {[%clk 1:31:29]} 13. Bf4 {[%clk 1:09:13]} Bxf4
{[%clk 1:12:39]} 14. gxf4 {[%clk 1:09:42]} Nh5 {[%clk 1:08:27]} 15. e3
{[%clk 0:34:16]} Bxf1 {[%clk 1:08:40]} 16. Qxf1 {[%clk 0:34:37]} Nhf6
{[%clk 1:07:31]} 17. Ne5 {[%clk 0:34:06]} Nxe5 {[%clk 1:03:56]} 18. fxe5
{[%clk 0:32:48]} Nd7 {[%clk 1:04:02]} 19. Qa6 {[%clk 0:31:52]} Nb6
{[%clk 0:54:21]} 20. Nc5 {[%clk 0:31:20]} Qc8 {[%clk 0:54:25]} 21. Bf1
{[%clk 0:30:36]} c6 {[%clk 0:43:58]} 22. a4 {[%clk 0:25:43]} Qc7 {[%clk 0:38:15]}
23. Nd3 {[%clk 0:18:44]} Rfc8 {[%clk 0:30:20]} 24. Nb4 {[%clk 0:14:16]} Qe7
{[%clk 0:25:42]} 25. Qa5 {[%clk 0:14:26]} Kh8 {[%clk 0:18:47]} 26. Qc5
{[%clk 0:06:41]} Qg5+ {[%clk 0:09:18]} 27. Bg2 {[%clk 0:07:10]} Nd7
{[%clk 0:07:24]} 28. Qc2 {[%clk 0:02:52]} c5 {[%clk 0:07:31]} 29. Nd3
{[%clk 0:02:35]} cxd4 {[%clk 0:06:13]} 30. Qxc8+ {[%clk 0:03:04]} Rxc8
{[%clk 0:06:36]} 31. Rxc8+ {[%clk 0:03:33]} Kh7 {[%clk 0:07:00]} 32. exd4
{[%clk 0:03:58]} Qg4 {[%clk 0:06:04]} 33. Nc5 {[%clk 0:01:08]} Nb6
{[%clk 0:04:28]} 34. Rc7 {[%clk 0:01:05]} Qxd4 {[%clk 0:04:05]} 35. a5
{[%clk 0:01:07]} Qa1+ {[%clk 0:03:16]} 36. Bf1 {[%clk 0:01:36]} Qxa5
{[%clk 0:02:42]} 37. Nd3 {[%clk 0:00:34]} Kg8 {[%clk 0:02:07]} 38. Rb7
{[%clk 0:00:48]} g5 {[%clk 0:02:08]} 39. h3 {[%clk 0:00:35]} Qc3 {[%clk 0:01:51]}
40. Rxa7 {[%clk 0:30:43]} Qxb3 {[%clk 0:31:34]} 41. Rb7 {[%clk 0:31:06]} d4
{[%clk 0:29:07]} 42. Rb8+ {[%clk 0:29:26]} Kg7 {[%clk 0:28:58]} 43. Rb7
{[%clk 0:22:51]} h5 {[%clk 0:26:04]} 44. h4 {[%clk 0:20:55]} gxh4
{[%clk 0:22:31]} 45. Nf4 {[%clk 0:20:31]} Qf3 {[%clk 0:21:40]} 46. Nxe6+
{[%clk 0:20:23]} Kh6 {[%clk 0:21:43]} 47. Nd8 {[%clk 0:18:23]} Qg4+
{[%clk 0:19:36]} 48. Kh1 {[%clk 0:17:30]} Qe4+ {[%clk 0:18:48]} 49. Kg1
{[%clk 0:17:30]} Qg6+ {[%clk 0:15:56]} 50. Kh2 {[%clk 0:16:05]} Kg5
{[%clk 0:14:54]} 51. Rxf7 {[%clk 0:15:57]} Qc2 {[%clk 0:12:57]} 52. Rf6
{[%clk 0:15:51]} 1-0

[Event "European Youth Chess Championship B14"]
[Site "Prague, Top Hotel Prague"]
[Date "2012.08.24"]
[Round "8.7"]
[White "Dolana, Andrei-Theodor"]
[Black "Vavulin, Maksim"]
[Result "0-1"]
[WhiteElo "2136"]
[BlackElo "2292"]
[PlyCount "0"]
[EventDate "2012.08.17"]

1. e4 {[%clk 1:30:59]} e5 {[%clk 1:30:55]} 2. Nf3 {[%clk 1:31:27]} Nc6
{[%clk 1:31:21]} 3. Bc4 {[%clk 1:31:54]} Nf6 {[%clk 1:31:44]} 4. d3
{[%clk 1:32:20]} Bc5 {[%clk 1:32:07]} 5. c3 {[%clk 1:32:39]} d6 {[%clk 1:32:29]}
6. Bb3 {[%clk 1:32:34]} a6 {[%clk 1:32:51]} 7. Nbd2 {[%clk 1:32:48]} Ba7
{[%clk 1:33:06]} 8. O-O {[%clk 1:33:06]} O-O {[%clk 1:33:13]} 9. h3
{[%clk 1:33:13]} Be6 {[%clk 1:31:07]} 10. Bc2 {[%clk 1:13:56]} h6
{[%clk 1:25:41]} 11. Re1 {[%clk 1:12:07]} Re8 {[%clk 1:25:23]} 12. Nh2
{[%clk 1:07:16]} d5 {[%clk 1:23:05]} 13. Qf3 {[%clk 1:07:19]} Ne7
{[%clk 0:55:17]} 14. exd5 {[%clk 0:56:48]} Bxd5 {[%clk 0:55:11]} 15. Ne4
{[%clk 0:57:12]} Nh7 {[%clk 0:49:31]} 16. Qh5 {[%clk 0:45:19]} Ng6
{[%clk 0:42:04]} 17. Be3 {[%clk 0:45:02]} Bxe3 {[%clk 0:37:30]} 18. fxe3
{[%clk 0:37:53]} Bxe4 {[%clk 0:36:02]} 19. dxe4 {[%clk 0:38:18]} Nf6
{[%clk 0:35:45]} 20. Qf3 {[%clk 0:38:12]} Qe7 {[%clk 0:33:03]} 21. Rf1
{[%clk 0:24:36]} Nf8 {[%clk 0:31:25]} 22. Bb3 {[%clk 0:21:16]} N8h7
{[%clk 0:26:56]} 23. h4 {[%clk 0:20:54]} a5 {[%clk 0:24:56]} 24. a3
{[%clk 0:19:03]} a4 {[%clk 0:25:06]} 25. Bd5 {[%clk 0:18:46]} c6 26. Ba2
{[%clk 0:19:03]} Rad8 {[%clk 0:22:35]} 27. Rf2 {[%clk 0:18:58]} Rd6
{[%clk 0:17:51]} 28. Nf1 {[%clk 0:18:17]} h5 {[%clk 0:17:09]} 29. Nh2
{[%clk 0:14:27]} Qd7 {[%clk 0:15:43]} 30. Raf1 {[%clk 0:11:27]} Rd8
{[%clk 0:15:43]} 31. Qg3 {[%clk 0:10:23]} Re8 {[%clk 0:13:46]} 32. Rf5
{[%clk 0:09:47]} Rd1 {[%clk 0:05:01]} 33. Rxe5 {[%clk 0:06:32]} Rxf1+
{[%clk 0:05:27]} 34. Nxf1 {[%clk 0:06:59]} Nxe4 {[%clk 0:05:26]} 35. Qh3
{[%clk 0:05:59]} Qd8 {[%clk 0:05:28]} 36. Rxh5 {[%clk 0:05:12]} Nhf6
{[%clk 0:05:36]} 37. Rf5 {[%clk 0:03:40]} Qd1 {[%clk 0:05:44]} 38. h5
{[%clk 0:01:27]} Qa1 {[%clk 0:05:22]} 39. Bc4 {[%clk 0:01:37]} Qxb2
{[%clk 0:05:13]} 40. h6 {[%clk 0:31:09]} Qxc3 {[%clk 0:31:12]} 41. h7+
{[%clk 0:22:28]} Kh8 {[%clk 0:31:37]} 42. Bxf7 {[%clk 0:22:54]} Rf8
{[%clk 0:28:14]} 43. Bg8 {[%clk 0:17:30]} Qxa3 {[%clk 0:27:39]} 44. Ra5
{[%clk 0:14:17]} Qb4 {[%clk 0:26:56]} 45. Ra7 {[%clk 0:14:24]} Qe1 0-1

[Event "European Youth Chess Championship B14"]
[Site "Prague, Top Hotel Prague"]
[Date "2012.08.24"]
[Round "8.8"]
[White "Tokranovs, Dmitrijs"]
[Black "Paravyan, David"]
[Result "0-1"]
[WhiteElo "2060"]
[BlackElo "2271"]
[PlyCount "0"]
[EventDate "2012.08.17"]

1. e4 {[%clk 1:30:58]} d6 {[%clk 1:30:56]} 2. d4 {[%clk 1:31:20]} Nf6
{[%clk 1:31:22]} 3. Nc3 {[%clk 1:31:40]} g6 {[%clk 1:31:48]} 4. f4
{[%clk 1:31:34]} Bg7 {[%clk 1:32:15]} 5. Nf3 {[%clk 1:31:55]} O-O
{[%clk 1:32:38]} 6. Bd3 {[%clk 1:31:25]} Na6 {[%clk 1:31:25]} 7. O-O
{[%clk 1:29:23]} c5 {[%clk 1:31:53]} 8. e5 {[%clk 1:24:29]} Nd7 {[%clk 1:28:36]}
9. Bxa6 {[%clk 1:23:07]} cxd4 {[%clk 1:22:08]} 10. Ne4 {[%clk 1:17:33]} bxa6
{[%clk 1:21:58]} 11. exd6 {[%clk 1:16:59]} Bb7 {[%clk 1:09:44]} 12. Re1
{[%clk 1:07:02]} exd6 {[%clk 1:09:50]} 13. Nf2 {[%clk 0:49:11]} Qb6
{[%clk 1:05:09]} 14. Nd3 {[%clk 0:48:32]} Nc5 {[%clk 0:57:56]} 15. f5
{[%clk 0:36:48]} gxf5 {[%clk 0:52:24]} 16. Nh4 {[%clk 0:34:06]} Be4
{[%clk 0:49:19]} 17. Qh5 {[%clk 0:32:12]} Nxd3 {[%clk 0:33:57]} 18. cxd3
{[%clk 0:31:01]} Bxd3 {[%clk 0:34:23]} 19. Bh6 {[%clk 0:29:00]} Bxh6
{[%clk 0:32:01]} 20. Qxh6 {[%clk 0:29:21]} d5 {[%clk 0:31:10]} 21. Qxb6
{[%clk 0:15:06]} axb6 {[%clk 0:31:34]} 22. Nf3 {[%clk 0:14:51]} Rfe8
{[%clk 0:24:52]} 23. Nxd4 {[%clk 0:12:59]} Re4 {[%clk 0:23:28]} 24. Nf3
{[%clk 0:09:34]} Rxe1+ {[%clk 0:23:35]} 25. Rxe1 {[%clk 0:09:48]} Be4
{[%clk 0:21:38]} 26. Nd4 {[%clk 0:09:59]} Rc8 {[%clk 0:18:32]} 27. Rf1
{[%clk 0:05:08]} Kg7 {[%clk 0:16:49]} 28. Nxf5+ {[%clk 0:04:20]} Bxf5
{[%clk 0:17:13]} 29. Rxf5 {[%clk 0:04:45]} Rc1+ {[%clk 0:17:22]} 30. Kf2
{[%clk 0:03:52]} Rc2+ {[%clk 0:17:44]} 31. Kf3 {[%clk 0:04:08]} Rxb2
{[%clk 0:18:05]} 32. Rg5+ {[%clk 0:03:50]} Kf8 {[%clk 0:18:28]} 33. h4
{[%clk 0:04:13]} Rxa2 {[%clk 0:18:49]} 34. h5 {[%clk 0:04:35]} h6
{[%clk 0:15:32]} 35. Rxd5 {[%clk 0:04:36]} b5 {[%clk 0:15:31]} 36. g4
{[%clk 0:04:54]} Kg7 {[%clk 0:13:37]} 37. g5 {[%clk 0:03:36]} hxg5
{[%clk 0:11:41]} 38. Rxg5+ {[%clk 0:04:00]} Kh6 {[%clk 0:12:08]} 39. Rf5
{[%clk 0:04:23]} b4 {[%clk 0:11:08]} 40. Kg4 {[%clk 0:34:22]} Kg7
{[%clk 0:34:18]} 41. Rg5+ {[%clk 0:34:24]} Kh8 {[%clk 0:33:59]} 42. Rc5
{[%clk 0:34:21]} Rg2+ {[%clk 0:29:22]} 43. Kf3 {[%clk 0:33:53]} Rg8
{[%clk 0:28:58]} 44. Ke2 {[%clk 0:33:12]} b3 {[%clk 0:28:59]} 45. Kd2
{[%clk 0:33:34]} Rg2+ {[%clk 0:29:12]} 46. Kc1 {[%clk 0:33:55]} Rc2+
{[%clk 0:29:28]} 0-1

[Event "European Youth Chess Championship B14"]
[Site "Prague, Top Hotel Prague"]
[Date "2012.08.24"]
[Round "8.13"]
[White "Plenca, Jadranko"]
[Black "Savenkov, Konstantin"]
[Result "0-1"]
[WhiteElo "2061"]
[BlackElo "2162"]
[PlyCount "84"]
[EventDate "2012.08.17"]

1. e4 e6 2. d4 d5 3. Nc3 Bb4 4. exd5 exd5 5. Bd3 c6 6. Qf3 Qf6 7. Be3 Nd7 8. a3
Bd6 9. O-O-O Qxf3 10. Nxf3 Ne7 11. Ne2 f6 12. Rde1 Kf7 13. Nh4 Nf8 14. f4 Nfg6
15. Nxg6 hxg6 16. h3 Bf5 17. g4 Bxd3 18. cxd3 Rh7 19. Bf2 Ke8 20. h4 Kd7 21.
Bg3 Rah8 22. Rhf1 Rb8 23. Kc2 Rhh8 24. Rf3 Rhe8 25. Nc1 Ng8 26. f5 Rxe1 27.
Bxe1 Re8 28. Kd2 Nh6 29. fxg6 Nxg4 30. Ne2 Nh2 31. Rh3 f5 32. h5 Ng4 33. Rf3
Ke6 34. Bg3 Bxg3 35. Nxg3 Rf8 36. b3 b6 37. b4 a5 38. Ke2 axb4 39. axb4 f4 40.
h6 Nxh6 41. Nh5 Nf5 42. Rxf4 Rh8 0-1

[Event "European Youth Chess Championship B14"]
[Site "Prague, Top Hotel Prague"]
[Date "2012.08.24"]
[Round "8.14"]
[White "Popov, Andrey"]
[Black "Suarez Gomez, Julio"]
[Result "0-1"]
[WhiteElo "2130"]
[BlackElo "2057"]
[PlyCount "90"]
[EventDate "2012.08.17"]

1. e4 e6 2. d4 d5 3. exd5 exd5 4. c4 Nf6 5. Nc3 Be7 6. Nf3 O-O 7. Bd3 dxc4 8.
Bxc4 Nbd7 9. O-O Nb6 10. Bb3 c6 11. Re1 Re8 12. Bg5 Bf5 13. Re5 Bg6 14. Qe1 h6
15. Bh4 a5 16. a3 Nbd7 17. Re3 Kf8 18. Rd1 Qb6 19. Na4 Qb5 20. Nd2 Bd6 21. Nc3
Qh5 22. Nf3 Ng4 23. h3 Nxe3 24. fxe3 a4 25. Bxa4 Nb6 26. Bb3 Qa5 27. Qd2 Nd5
28. Nxd5 cxd5 29. Qxa5 Rxa5 30. Bf2 Rc8 31. Ne1 Rb5 32. Ba2 Be4 33. Rd2 Rc1 34.
Kf1 Rb6 35. Ke2 Ra1 36. b3 Bxa3 37. Nd3 Bxd3+ 38. Kxd3 Bb4 39. Rb2 Rc6 40. Bb1
Rc3+ 41. Kd2 Rc6+ 42. Kd3 Rc1 43. Bc2 Ba3 44. Kc3 Bxb2+ 45. Kxb2 Rxc2+ 0-1

[Event "European Youth Chess Championship B14"]
[Site "Prague, Top Hotel Prague"]
[Date "2012.08.24"]
[Round "8.17"]
[White "Winiarski, Mikolaj"]
[Black "Pak, Alexander"]
[Result "1-0"]
[WhiteElo "2031"]
[BlackElo "2104"]
[PlyCount "139"]
[EventDate "2012.08.17"]

1. d4 d5 2. c4 c6 3. Nc3 dxc4 4. e3 b5 5. a4 b4 6. Na2 e6 7. Bxc4 Nf6 8. Bd2 a5
9. Nf3 Be7 10. Nc1 Bb7 11. Nb3 Nbd7 12. O-O O-O 13. Re1 c5 14. Bb5 Qb6 15. Ne5
Nxe5 16. dxe5 Ne4 17. f3 Nxd2 18. Nxd2 Rfd8 19. Qe2 Qc7 20. Nc4 Bd5 21. f4 Be4
22. Rad1 f6 23. Nd2 Bg6 24. Qc4 fxe5 25. Qxe6+ Kh8 26. Nc4 exf4 27. Ne5 Bh5 28.
exf4 Bf6 29. g4 Bxe5 30. fxe5 Bg6 31. Rd6 c4 32. Qxc4 Qa7+ 33. Kg2 Rf8 34. Qd4
Qf7 35. Rf1 Qb3 36. Rxf8+ Rxf8 37. Rd8 Qc2+ 38. Kg3 Qb3+ 39. Bd3 Be8 40. Qf4
Rg8 41. Qe4 Bg6 42. Qd5 Qxd3+ 43. Qxd3 Bxd3 44. Rxd3 Rc8 45. Kf4 Kg8 46. Rd5
Rc2 47. Rxa5 Rxh2 48. Kf5 Rxb2 49. Ke6 g6 50. Rb5 b3 51. a5 Rb1 52. Kf6 Rf1+
53. Ke6 Rb1 54. Kf6 Rf1+ 55. Ke7 Ra1 56. Rxb3 Rxa5 57. Kf6 Ra8 58. e6 Kf8 59.
g5 Rc8 60. Rb7 Kg8 61. Rg7+ Kh8 62. Ra7 Kg8 63. Rf7 Ra8 64. Rg7+ Kh8 65. e7
Ra6+ 66. Kf7 Ra8 67. Rxh7+ Kxh7 68. e8=Q Ra7+ 69. Kf8 Rg7 70. Qe6 1-0

[Event "European Youth Chess Championship B14"]
[Site "Prague, Top Hotel Prague"]
[Date "2012.08.24"]
[Round "8.18"]
[White "Bakhmatsky, Vladislav"]
[Black "Ladopoulos, Dimitrios"]
[Result "1-0"]
[WhiteElo "2101"]
[BlackElo "2027"]
[PlyCount "71"]
[EventDate "2012.08.17"]

1. e4 c5 2. Nf3 e6 3. d4 cxd4 4. Nxd4 Nf6 5. Nc3 d6 6. Be2 Be7 7. O-O O-O 8. f4
Nc6 9. Be3 a6 10. Bf3 Qc7 11. a4 Re8 12. Kh1 Nxd4 13. Qxd4 e5 14. Qd2 Be6 15.
f5 Bc4 16. Rfd1 Rac8 17. Rac1 d5 18. Nxd5 Bxd5 19. exd5 e4 20. Be2 Qe5 21. c4
Bd6 22. g3 Qxf5 23. c5 Bxg3 24. c6 Bd6 25. cxb7 Rxc1 26. Rxc1 Qe5 27. Bxa6 Ng4
28. Bb5 Rf8 29. Rc2 Nxe3 30. Qxe3 f5 31. Qc3 Qe7 32. Qc8 e3 33. Qe6+ Qxe6 34.
dxe6 g5 35. Rc8 f4 36. e7 1-0

[Event "European Youth Chess Championship B14"]
[Site "Prague, Top Hotel Prague"]
[Date "2012.08.24"]
[Round "8.19"]
[White "Miknevicius, Laurynas"]
[Black "Pulpan, Jakub"]
[Result "1/2-1/2"]
[WhiteElo "1830"]
[BlackElo "2087"]
[PlyCount "113"]
[EventDate "2012.08.17"]

1. d4 Nf6 2. c4 c5 3. d5 b5 4. Nf3 g6 5. cxb5 a6 6. d6 axb5 7. Nc3 Qa5 8. e3
exd6 9. Bxb5 Ba6 10. Bxa6 Qxa6 11. e4 Nc6 12. Qe2 Qxe2+ 13. Kxe2 Be7 14. Be3
O-O 15. Rhd1 Rfb8 16. b3 Rb4 17. Nd2 Ra3 18. f3 Ra6 19. Nc4 Na5 20. Nxa5 Rxa5
21. Bd2 Ra8 22. g4 Rb7 23. Rac1 Bf8 24. Bf4 Ra6 25. Rc2 Rba7 26. a4 Rc6 27. Nb5
Ne8 28. Na3 Nc7 29. Nc4 Ne6 30. Be3 Raa6 31. f4 Bg7 32. f5 Nd4+ 33. Bxd4 Bxd4
34. Na3 d5 35. exd5 Rd6 36. Nb5 Rxd5 37. Nxd4 cxd4 38. fxg6 hxg6 39. Kd3 Rb6
40. Kc4 Rdd6 41. b4 Rdc6+ 42. Kb3 Rxb4+ 43. Kxb4 Rxc2 44. Rxd4 Rxh2 45. Kb5
Rb2+ 46. Rb4 Ra2 47. a5 f5 48. a6 fxg4 49. Rxg4 Kf7 50. Ra4 Rb2+ 51. Rb4 Ra2
52. Kb6 d5 53. Kb7 Ke6 54. a7 Ke5 55. Rb6 Rxa7+ 56. Kxa7 d4 57. Rxg6 1/2-1/2

[Event "European Youth Chess Championship B14"]
[Site "Prague, Top Hotel Prague"]
[Date "2012.08.24"]
[Round "8.21"]
[White "Dvorak, Adam"]
[Black "Blahynka, Martin"]
[Result "1-0"]
[WhiteElo "2008"]
[BlackElo "2145"]
[PlyCount "57"]
[EventDate "2012.08.17"]

1. c4 b6 2. Nc3 Bb7 3. e4 e5 4. Nge2 Nc6 5. d3 Bc5 6. g3 Qf6 7. f4 Nce7 8. Bg2
g5 9. d4 exd4 10. e5 Bxg2 11. exf6 dxc3 12. Rg1 Bxg1 13. Nxg1 cxb2 14. Bxb2 Nf5
15. Qe2+ Kf8 16. Qxg2 Re8+ 17. Kd2 Ne3 18. Qe2 gxf4 19. gxf4 Nh6 20. Re1 Rg8
21. Qh5 Nxc4+ 22. Kc3 Rxe1 23. Qxh6+ Ke8 24. Qxh7 Kf8 25. Nf3 Re3+ 26. Kxc4
Rxf3 27. Qe4 d5+ 28. Kxd5 c6+ 29. Kxc6 1-0

[Event "European Youth Chess Championship B14"]
[Site "Prague, Top Hotel Prague"]
[Date "2012.08.24"]
[Round "8.23"]
[White "Puskar, Peter"]
[Black "Sheremet, Anton"]
[Result "1-0"]
[WhiteElo "1998"]
[BlackElo "2114"]
[PlyCount "75"]
[EventDate "2012.08.17"]

1. d4 Nf6 2. c4 c5 3. d5 b5 4. cxb5 a6 5. bxa6 g6 6. Nc3 Bxa6 7. Nf3 d6 8. g3
Bg7 9. Bg2 Nfd7 10. Rb1 Nb6 11. Nd2 O-O 12. O-O N8d7 13. Re1 Nc4 14. Qc2 Qa5
15. Nxc4 Bxc4 16. Bd2 Bxc3 17. Bxc3 Qxa2 18. Qe4 e5 19. dxe6 Bxe6 20. Qf4 d5
21. e3 Ra4 22. Qd6 Ra6 23. Qf4 Qa4 24. b4 Rc8 25. Ra1 Qc6 26. Rxa6 Qxa6 27.
bxc5 Rxc5 28. Bd4 Rc8 29. Bf1 Qc6 30. Ra1 Ra8 31. Rxa8+ Qxa8 32. Kg2 Qb8 33.
Qg5 Qb1 34. Qd8+ Nf8 35. Be2 Qe4+ 36. f3 Qf5 37. g4 Qc2 38. Kf2 1-0

[Event "European Youth Chess Championship B14"]
[Site "Prague, Top Hotel Prague"]
[Date "2012.08.24"]
[Round "8.26"]
[White "Johannesson, Oliver"]
[Black "Striechman, Orri"]
[Result "1/2-1/2"]
[WhiteElo "2047"]
[BlackElo "1969"]
[PlyCount "81"]
[EventDate "2012.08.17"]

1. e4 c5 2. Nc3 e6 3. f4 d5 4. Nf3 dxe4 5. Nxe4 Nc6 6. g3 b6 7. Bg2 Bb7 8. O-O
Be7 9. d3 Nh6 10. Kh1 Qc7 11. c3 Rd8 12. Qc2 Ba6 13. Nf2 O-O 14. a3 Rd7 15. Qa4
Bb7 16. Bd2 Nf5 17. Rad1 Rfd8 18. Rfe1 Bd6 19. Kg1 Qb8 20. Rc1 Bc7 21. Qd1 Nfe7
22. Qa4 Ng6 23. b4 cxb4 24. axb4 Qa8 25. Qd1 Nce7 26. Qe2 Nf5 27. Red1 h5 28.
Ne1 h4 29. g4 Nfe7 30. Nh3 Bxg2 31. Qxg2 Qb8 32. Qf3 Nd5 33. Ng2 Nf6 34. Be1
Nd5 35. Bd2 Nf6 36. Be1 Nd5 37. Bd2 Nf6 38. Be1 Nd5 39. Bd2 Nf6 40. Be1 Nd5 41.
Bd2 1/2-1/2